000 01004nam a2200313 a 4500
001 000114118
003 CHAP
005 20220329144427.0
008 171106s2009 sp a |r| ||||||spa d
010 _a110579
011 _a111551
020 _a9788483441572
040 _cCHAP
082 0 4 _a305.09648
_bU58 2009
245 0 0 _aUniversidad y Sahara Occidental :
_breflexiones para la solución de un conflicto /
_ccoordinado por Pedro Martínez Lillo ...[et al.].
250 _a2 ed.
260 _aMadrid :
_bUAM. Ediciones,
_c[2009].
300 _a384 p. :
_bil.
490 _aCuadernos solidarios
_v6
590 _aE5765TAJ
_b05
_c20171106
_lUCH01
_h0910
651 1 _aEspaña
_xRelaciones
_zSahara Occidental
_9133982
651 1 _aSahara Occidental
_xPolítica y gobierno
_9133983
651 1 _aSahara Occidental
_xSituación social
_9133981
700 1 _aMartínez Lillo, Pedro
_ecord.
_9133980
830 0 _aCuadernos solidarios
_v6
_929880
901 _aBK
942 _cLIBRO
942 _n0
999 _c110579
_d110579